[Event "Olimpiada Calviá 2004"]
[Site "Calviá ESP"]
[Date "2004.10.18"]
[Round "4.56"]
[White "Digesh, Shanker Malla"]
[Black "Press, Shaun"]
[Result "0-1"]
[WhiteElo "2253"]
[BlackElo "2070"]
[PlyCount "62"]
[EventDate "2004.10.15"]
[EventType "team"]
[EventRounds "14"]
[EventCountry "ESP"]
[Source "lmi"]
[SourceDate "2004.10.27"]

1. e4 e5 2. Nf3 Nc6 3. Bb5 a6 4. Ba4 Nf6 5. O-O Be7 6. Re1 b5 7. Bb3 O-O 8. c3
d5 9. exd5 Nxd5 10. Nxe5 Nxe5 11. Rxe5 c6 12. d4 Bd6 13. Re1 Qh4 14. g3 Qh3 15.
Be3 Bg4 16. Qd3 Rae8 17. Nd2 f5 18. Qf1 Qh5 19. f4 Kh8 20. Bxd5 cxd5 21. a4 Re6
22. axb5 axb5 23. Qxb5 g5 24. Qxd5 Rh6 25. Qh1 gxf4 26. Bxf4 Bxf4 27. gxf4 Rg6
28. Kf2 Qh4+ 29. Ke3 Qh3+ 30. Nf3 Bxf3 31. Qxf3 Re8+ 0-1

[Event "Olimpiada Calviá 2004"]
[Site "Calviá ESP"]
[Date "2004.10.18"]
[Round "4.57"]
[White "Mannhart, Marcel"]
[Black "Guillen Ramirez, Jose Antonio"]
[Result "1/2-1/2"]
[WhiteElo "2191"]
[BlackElo "2301"]
[PlyCount "104"]
[EventDate "2004.10.15"]
[EventType "team"]
[EventRounds "14"]
[EventCountry "ESP"]
[Source "lmi"]
[SourceDate "2004.10.27"]

1. Nc3 d5 2. e4 dxe4 3. Nxe4 e5 4. Bc4 Nc6 5. d3 h6 6. c3 Nf6 7. Qf3 Be7 8. Ne2
O-O 9. N2g3 Nxe4 10. dxe4 Bg5 11. O-O Bxc1 12. Raxc1 Qg5 13. Rfe1 Na5 14. Bf1
Bg4 15. Qe3 Rfd8 16. Qxg5 hxg5 17. b4 Nc6 18. Bc4 Kf8 19. Nf1 f6 20. f3 Bh5 21.
Red1 g4 22. Ng3 g6 23. Nxh5 gxh5 24. fxg4 hxg4 25. Kf2 Ke7 26. Kg3 Rh8 27. Rd2
Rad8 28. Rcd1 Rxd2 29. Rxd2 Nd8 30. Be2 Nf7 31. Bxg4 Nd6 32. Re2 a5 33. bxa5
Ra8 34. Bf3 Rxa5 35. Kf2 Rc5 36. Rc2 Nb5 37. c4 Nd6 38. h4 b5 39. h5 Kf7 40.
Ke3 Rxc4 41. Rxc4 Nxc4+ 42. Kd3 Nd6 43. Kc3 c5 44. a3 Kg7 45. Kb3 Kh6 46. a4
bxa4+ 47. Kxa4 Kg5 48. Kb3 Kh6 49. Kc3 Kg5 50. Kd3 Kh6 51. Kc3 Kg5 52. Kd3 Kh6
1/2-1/2

[Event "Olimpiada Calviá 2004"]
[Site "Calviá ESP"]
[Date "2004.10.18"]
[Round "4.57"]
[White "Urbina, Ricardo"]
[Black "Frick, Renato"]
[Result "1-0"]
[WhiteElo "2247"]
[BlackElo "2151"]
[PlyCount "77"]
[EventDate "2004.10.15"]
[EventType "team"]
[EventRounds "14"]
[EventCountry "ESP"]
[Source "lmi"]
[SourceDate "2004.10.27"]

1. e4 c5 2. Nf3 d6 3. d4 cxd4 4. Nxd4 Nf6 5. Nc3 a6 6. Bc4 e6 7. Bb3 b5 8. f3
Qc7 9. Be3 Nc6 10. g4 h6 11. Nxc6 Qxc6 12. a4 Bd7 13. Qd2 Be7 14. h4 b4 15. Ne2
Qb7 16. O-O-O O-O-O 17. g5 hxg5 18. hxg5 Rxh1 19. Rxh1 Ne8 20. a5 Qb5 21. Bb6
Qxg5 22. Bxd8 Qxd2+ 23. Kxd2 Bxd8 24. Ra1 Nc7 25. Ba4 Nb5 26. Bxb5 Bxb5 27. Nc1
Bg5+ 28. Kd1 d5 29. exd5 exd5 30. Nd3 Be7 31. Kd2 Kc7 32. Rg1 Bf8 33. Rg4 Bxd3
34. Kxd3 Kc6 35. c3 bxc3 36. Kxc3 Be7 37. b4 Bf6+ 38. Kb3 g5 39. f4 1-0

[Event "Olimpiada Calviá 2004"]
[Site "Calviá ESP"]
[Date "2004.10.18"]
[Round "4.57"]
[White "Muendle, Kurt"]
[Black "Huguet, Sergio"]
[Result "0-1"]
[WhiteElo "2016"]
[BlackElo "2141"]
[PlyCount "96"]
[EventDate "2004.10.15"]
[EventType "team"]
[EventRounds "14"]
[EventCountry "ESP"]
[Source "lmi"]
[SourceDate "2004.10.27"]

1. d4 d5 2. c4 e5 3. dxe5 d4 4. Bf4 Nc6 5. a3 Nge7 6. Nf3 Bg4 7. Nbd2 Ng6 8.
Bg5 Be7 9. Bxe7 Qxe7 10. Qb3 O-O-O 11. O-O-O Ngxe5 12. Nxe5 Qxe5 13. Nf3 Qc5
14. Qa2 Be6 15. Nd2 b5 16. b4 Bxc4 17. Nxc4 Qxc4+ 18. Qc2 Qxc2+ 19. Kxc2 a6 20.
f4 Rhe8 21. g3 Ne7 22. Bh3+ Kb7 23. Kb3 Nc6 24. Rhe1 Re3+ 25. Rd3 Rde8 26. Rxe3
Rxe3+ 27. Kb2 d3 28. Kc3 dxe2+ 29. Kd2 Rxa3 30. Kxe2 Ra2+ 31. Kf1 Rxh2 32. Bg2
Rh6 33. Re7 Rf6 34. Re8 g5 35. Rh8 gxf4 36. gxf4 Rxf4+ 37. Ke2 Rxb4 38. Rxh7
Rb2+ 39. Kf1 a5 40. Be4 Rb4 41. Bf3 Rf4 42. Ke2 Rf6 43. Bd5 Kb6 44. Bxf7 a4 45.
Bg8 Rd6 46. Rh5 Nd4+ 47. Kf2 Rf6+ 48. Kg3 Nf5+ 0-1

[Event "Olimpiada Calviá 2004"]
[Site "Calviá ESP"]
[Date "2004.10.18"]
[Round "4.58"]
[White "Hook, William"]
[Black "Dos Ramos, Ricardo"]
[Result "1-0"]
[WhiteElo "2108"]
[BlackElo "2203"]
[PlyCount "47"]
[EventDate "2004.10.15"]
[EventType "team"]
[EventRounds "14"]
[EventCountry "ESP"]
[Source "lmi"]
[SourceDate "2004.10.27"]

1. d4 Nf6 2. c4 e6 3. Nf3 b6 4. Nc3 Bb7 5. e3 Be7 6. Be2 O-O 7. O-O d5 8. b3
Nbd7 9. Bb2 c5 10. Rc1 Rc8 11. Qd3 Ne4 12. cxd5 exd5 13. Rfd1 cxd4 14. Nxd4 Bb4
15. Nxe4 dxe4 16. Qb5 Rxc1 17. Rxc1 Bc5 18. Nf5 Nf6 19. b4 a6 20. Qc4 Bd5 21.
Bxf6 Bxc4 22. Bxd8 Bxe2 23. bxc5 Rxd8 24. c6 1-0

[Event "Olimpiada Calviá 2004"]
[Site "Calviá ESP"]
[Date "2004.10.18"]
[Round "4.59"]
[White "Kovacova, Zuzana"]
[Black "Olape, Bunmi"]
[Result "1/2-1/2"]
[WhiteElo "2039"]
[BlackElo "2304"]
[PlyCount "74"]
[EventDate "2004.10.15"]
[EventType "team"]
[EventRounds "14"]
[EventCountry "ESP"]
[Source "lmi"]
[SourceDate "2004.10.27"]

1. e4 e5 2. Nf3 Nf6 3. Nc3 Nc6 4. Bb5 Bc5 5. O-O O-O 6. d3 d6 7. Bg5 Bg4 8. h3
Bxf3 9. Qxf3 Nd4 10. Qd1 h6 11. Be3 c6 12. Bc4 b5 13. Bb3 a5 14. a3 Nxb3 15.
cxb3 Qb6 16. Re1 Nh7 17. Qh5 Rfe8 18. Rac1 Bd4 19. Rc2 Re6 20. Bxd4 Qxd4 21.
Re3 Rg6 22. Ne2 Qb6 23. Ng3 Ng5 24. Nf5 Re8 25. Rg3 Kh7 26. Rxg5 Rxg5 27. Qxf7
Qb8 28. Rxc6 Rf8 29. Qd7 Rd8 30. Qf7 Rf8 31. Qd7 Rd8 32. Qf7 Rg6 33. Rc7 Rf8
34. Qd7 Rd8 35. Qf7 Rf8 36. Qd7 Rd8 37. Qf7 Rf8 1/2-1/2

[Event "Olimpiada Calviá 2004"]
[Site "Calviá ESP"]
[Date "2004.10.18"]
[Round "4.60"]
[White "Salcedo, Ivan"]
[Black "Mutabazi, Fidele"]
[Result "1-0"]
[WhiteElo "2150"]
[BlackElo "2200"]
[PlyCount "109"]
[EventDate "2004.10.15"]
[EventType "team"]
[EventRounds "14"]
[EventCountry "ESP"]
[Source "lmi"]
[SourceDate "2004.10.27"]

1. e4 d6 2. d4 Nf6 3. Nc3 g6 4. f3 Bg7 5. Be3 Nc6 6. Qd2 h5 7. h4 e5 8. d5 Ne7
9. O-O-O Bd7 10. g3 Neg8 11. Nh3 Bh6 12. Ng5 Qe7 13. Nb5 Bxb5 14. Bxb5+ Nd7 15.
f4 Bxg5 16. hxg5 exf4 17. gxf4 a6 18. Qd4 Rh7 19. Bf1 f5 20. exf5 gxf5 21. Re1
Nc5 22. Bh3 Qf7 23. g6 Qxg6 24. Rhg1 Qf7 25. Bxf5 Rh6 26. b4 Ne7 27. Bf2 Kf8
28. Bh3 Na4 29. Be6 Qf6 30. Qxf6+ Rxf6 31. Bh4 Rxf4 32. Bxe7+ Kxe7 33. Rg7+ Kf6
34. Rf7+ Kg5 35. Rg1+ Rg4 36. Bxg4 hxg4 37. Rg7+ Kf5 38. R1xg4 Rc8 39. Rc4 Nb6
40. Rcxc7 Rh8 41. Rxb7 Nxd5 42. a3 Rh1+ 43. Kb2 Ne3 44. Rbf7+ Ke5 45. Re7+ Kd4
46. c3+ Kd3 47. Rg3 Re1 48. Rgxe3+ Rxe3 49. Rxe3+ Kxe3 50. Kb3 Ke4 51. Kc4 Ke5
52. a4 Ke6 53. b5 axb5+ 54. Kxb5 Kd7 55. Kb6 1-0

[Event "Olimpiada Calviá 2004"]
[Site "Calviá ESP"]
[Date "2004.10.18"]
[Round "4.61"]
[White "Hoareau, Benjamin"]
[Black "Calangi, Zachary Alexander"]
[Result "1/2-1/2"]
[WhiteElo "2200"]
[BlackElo "2142"]
[PlyCount "139"]
[EventDate "2004.10.15"]
[EventType "team"]
[EventRounds "14"]
[EventCountry "ESP"]
[Source "lmi"]
[SourceDate "2004.10.27"]

1. c4 e5 2. Nc3 Nf6 3. g3 c6 4. Bg2 Be7 5. d4 exd4 6. Qxd4 O-O 7. Nf3 d6 8. O-O
Na6 9. Rd1 Qc7 10. Bf4 Rd8 11. e4 Bg4 12. h3 Bxf3 13. Bxf3 Ne8 14. Rd2 g5 15.
Be3 Nc5 16. e5 dxe5 17. Qg4 Ne6 18. Ne4 N8g7 19. Nxg5 Nxg5 20. Bxg5 Rxd2 21.
Bh6 Bf8 22. Bxd2 f5 23. Qg5 Rd8 24. Bc3 Be7 25. Qh6 Bf8 26. Re1 e4 27. Bd1 c5
28. Qg5 Rd3 29. Be2 h6 30. Qg6 Qd6 31. Bh5 Qxg6 32. Bxg6 Rd6 33. Bxg7 Rxg6 34.
Bxf8 Kxf8 35. Rd1 f4 36. Kh2 fxg3+ 37. fxg3 Ke7 38. Re1 Re6 39. Kg2 Kf6 40. Re3
Ke5 41. Kf2 Kd4 42. Rc3 a6 43. Ke2 b5 44. Rc1 bxc4 45. Rd1+ Ke5 46. Rd8 Rb6 47.
Re8+ Kd6 48. Rd8+ Kc6 49. Rd2 Kb5 50. Ke3 Kb4 51. Kxe4 c3 52. Rc2 Re6+ 53. Kf4
cxb2 54. Rxb2+ Kc3 55. Rb3+ Kc2 56. Kf5 Re2 57. Kg6 c4 58. Rb6 Re3 59. g4 Rxh3
60. Rxa6 Rg3 61. Kh5 Kb2 62. a4 Rh3+ 63. Kg6 Rb3 64. Kxh6 c3 65. Rc6 Rb4 66. g5
Rxa4 67. g6 Rh4+ 68. Kg5 Rh1 69. g7 c2 70. Kg6 1/2-1/2

[Event "Olimpiada Calviá 2004"]
[Site "Calviá ESP"]
[Date "2004.10.18"]
[Round "4.62"]
[White "Croes, Octavio"]
[Black "Dekker, Marvin"]
[Result "1-0"]
[WhiteElo "2058"]
[BlackElo "2133"]
[PlyCount "133"]
[EventDate "2004.10.15"]
[EventType "team"]
[EventRounds "14"]
[EventCountry "ESP"]
[Source "lmi"]
[SourceDate "2004.10.27"]

1. d4 Nf6 2. Nf3 g6 3. c4 c5 4. g3 Bg7 5. Bg2 O-O 6. O-O cxd4 7. Nxd4 d5 8.
cxd5 Nxd5 9. e4 Nb4 10. Be3 e5 11. Nb5 N8a6 12. N1c3 Be6 13. Qe2 Nc6 14. Rfd1
Nd4 15. Nxd4 exd4 16. Nb5 d3 17. Rxd3 Qa5 18. Rd2 Qb4 19. a3 Qa4 20. Nd6 Rab8
21. Bxa7 Rbd8 22. Nxb7 Bc4 23. Qd1 Bb3 24. Qe1 Rc8 25. e5 Rfe8 26. f4 Rc2 27.
Rxc2 Bxc2 28. Qc3 Nb4 29. Qd4 Nd3 30. Qxa4 Bxa4 31. Nd6 Rd8 32. b4 Rxd6 33. Be4
Rd7 34. Be3 Kf8 35. Kg2 Ke7 36. Kf3 f6 37. exf6+ Bxf6 38. Ra2 Bc3 39. Bg1 Bb3
40. Re2 Bd1 41. Bxd3+ Bxe2+ 42. Bxe2 Kd6 43. Bc5+ Kc7 44. a4 Bd4 45. Bb5 Rd8
46. Be7 Rg8 47. Ke4 Bg1 48. h3 h5 49. g4 hxg4 50. hxg4 Kb6 51. f5 gxf5+ 52.
Kxf5 Bd4 53. g5 Rh8 54. Bf6 Rf8 55. Ke6 Be3 56. g6 Bh6 57. g7 Rb8 58. Bd4+ Kb7
59. Kf7 Bxg7 60. Bxg7 Rd8 61. Ke7 Rd2 62. Be5 Kb6 63. Bd6 Rb2 64. Bc5+ Kb7 65.
a5 Rh2 66. a6+ Kc8 67. Bd7+ 1-0

[Event "Olimpiada Calviá 2004"]
[Site "Calviá ESP"]
[Date "2004.10.18"]
[Round "4.63"]
[White "Zahiruddin, Asefi"]
[Black "Rowe, Peter"]
[Result "1-0"]
[WhiteElo "2064"]
[BlackElo "2085"]
[PlyCount "137"]
[EventDate "2004.10.15"]
[EventType "team"]
[EventRounds "14"]
[EventCountry "ESP"]
[Source "lmi"]
[SourceDate "2004.10.27"]

1. d4 d5 2. Nf3 Nf6 3. c4 e6 4. Nc3 Nbd7 5. Bg5 c6 6. e3 Qa5 7. cxd5 Nxd5 8.
Qb3 N7b6 9. e4 Nxc3 10. bxc3 c5 11. Bd2 Nd7 12. Bd3 Be7 13. e5 Qc7 14. O-O Nb6
15. Bc2 Bd7 16. a4 c4 17. Qb1 Bc6 18. a5 Nd5 19. Qa2 b5 20. axb6 Nxb6 21. Bg5
f6 22. exf6 gxf6 23. Bh4 Qb7 24. Bd1 Kf7 25. Ne1 h5 26. f4 Be4 27. Bf3 Bxf3 28.
Nxf3 Nd5 29. Qd2 Bd6 30. Ne5+ Bxe5 31. fxe5 f5 32. Rfb1 Qc7 33. Ra4 Rab8 34.
Rba1 Rb7 35. Be1 f4 36. Qa2 Ne3 37. Rxa7 Rg8 38. g3 h4 39. Qf2 Rxa7 40. Qxf4+
Nf5 41. Rxa7 Qxa7 42. g4 Qa1 43. Kf1 Qb1 44. gxf5 Qd3+ 45. Kf2 Qxf5 46. Qxf5+
exf5 47. Kf3 h3 48. d5 Rg2 49. Bg3 Rc2 50. Kf4 Rxc3 51. Bh4 Rd3 52. e6+ Ke8 53.
Ke5 c3 54. Bg5 c2 55. d6 Rd1 56. d7+ Rxd7 57. exd7+ Kxd7 58. Kxf5 Ke8 59. Kg4
Kf7 60. Kxh3 Kg6 61. Bc1 Kh5 62. Kg3 Kg6 63. Kg4 Kh7 64. Kg5 Kg7 65. h4 Kh7 66.
Bb2 Kg8 67. Kg6 Kf8 68. h5 Kg8 69. h6 1-0

[Event "Olimpiada Calviá 2004"]
[Site "Calviá ESP"]
[Date "2004.10.18"]
[Round "4.63"]
[White "Hamperl, Fred"]
[Black "Ayyoubi, Saifudin"]
[Result "0-1"]
[WhiteElo "1961"]
[BlackElo "2200"]
[PlyCount "136"]
[EventDate "2004.10.15"]
[EventType "team"]
[EventRounds "14"]
[EventCountry "ESP"]
[Source "lmi"]
[SourceDate "2004.10.27"]

1. e4 c5 2. Nc3 e6 3. f4 Nc6 4. Nf3 Nf6 5. e5 Nd5 6. Nxd5 exd5 7. d4 c4 8. Be2
g6 9. O-O Bg7 10. c3 b5 11. Qe1 Ne7 12. Nh4 d6 13. a4 bxa4 14. Rxa4 dxe5 15.
fxe5 O-O 16. Nf3 a5 17. Bd1 Bd7 18. Ra1 Qb6 19. Bc2 Nf5 20. Rb1 a4 21. h4 h5
22. Ng5 Rfe8 23. Qf2 Rf8 24. g3 Nh6 25. Bf4 Ng4 26. Qg2 Be6 27. Kh1 Ra5 28.
Nxe6 Qxe6 29. Ra1 Rfa8 30. Bd1 a3 31. bxa3 Rxa3 32. Rc1 Ra2 33. Rc2 Ra1 34. Bf3
Rxf1+ 35. Qxf1 Ra5 36. Qe2 Kh7 37. Bxg4 hxg4 38. Bg5 Qf5 39. Be7 Ra1+ 40. Kg2
Bh6 41. Bf6 Qd3 42. Rb2 Qxe2+ 43. Rxe2 Bg7 44. Bxg7 Kxg7 45. Rc2 Kf8 46. Kf2
Ke7 47. Ke3 Rf1 48. Rf2 Rc1 49. Kd2 Rg1 50. Rh2 Rxg3 51. h5 Rh3 52. Rg2 gxh5
53. Rg1 g3 54. Ke3 h4 55. Kf3 Rh2 56. Ra1 Rf2+ 57. Kg4 g2 58. Rg1 f5+ 59. exf6+
Kxf6 60. Kxh4 Kf5 61. Kg3 Rc2 62. Re1 Re2 63. Rc1 Ke4 64. Rd1 Ke3 65. Kh2 Kf2
66. Rg1 Kf3 67. Ra1 Re7 68. Ra8 Rh7+ 0-1

[Event "Olimpiada Calviá 2004"]
[Site "Calviá ESP"]
[Date "2004.10.18"]
[Round "4.64"]
[White "Ateka, Nathan"]
[Black "Krylov, Sergey"]
[Result "0-1"]
[WhiteElo "2138"]
[BlackElo "2407"]
[PlyCount "83"]
[EventDate "2004.10.15"]
[EventType "team"]
[EventRounds "14"]
[EventCountry "ESP"]
[Source "lmi"]
[SourceDate "2004.10.27"]

1. e4 c5 2. Nc3 a6 3. g3 b5 4. Bg2 Bb7 5. Nge2 e6 6. O-O Qc7 7. d3 Nf6 8. h3
Be7 9. f4 d5 10. e5 Nfd7 11. Kh2 g6 12. d4 b4 13. Nb1 Nc6 14. Nd2 a5 15. c4
bxc3 16. bxc3 cxd4 17. cxd4 Ba6 18. Nf3 Nb4 19. Ba3 Qc4 20. Bxb4 Bxb4 21. a3
Be7 22. Rf2 a4 23. Rc1 Qb3 24. Qxb3 axb3 25. Rb1 Bc4 26. Nc1 Rxa3 27. Nd2 O-O
28. Ndxb3 Rfa8 29. Nd2 Rc3 30. Nxc4 Rxc4 31. Rb7 Rxc1 32. Rxd7 Ba3 33. Rd2 Bb4
34. Rb2 Be1 35. Rdb7 Rc3 36. Rb8+ Rxb8 37. Rxb8+ Kg7 38. g4 Bg3+ 39. Kg1 Bxf4
40. Rb4 Rd3 41. Kf1 Be3 42. Ke2 0-1

[Event "Olimpiada Calviá 2004 Femenina"]
[Site "Calviá ESP"]
[Date "2004.10.18"]
[Round "4.13"]
[White "Dembo, Yelena"]
[Black "Sabirova, Olga"]
[Result "1/2-1/2"]
[WhiteElo "2396"]
[BlackElo "2250"]
[PlyCount "53"]
[EventDate "2004.10.15"]
[EventType "team"]
[EventRounds "14"]
[EventCountry "ESP"]
[Source "lmi"]
[SourceDate "2004.10.27"]

1. e4 e5 2. Nf3 Nc6 3. Bb5 Nf6 4. O-O d6 5. d4 Bd7 6. d5 Ne7 7. Bxd7+ Qxd7 8.
Qe2 Ng6 9. Ne1 Be7 10. c4 O-O 11. Nc3 h6 12. Nd3 Nh7 13. Be3 Bg5 14. c5 f5 15.
exf5 Rxf5 16. f3 Bxe3+ 17. Qxe3 Ng5 18. Ne4 Nf4 19. Nxf4 exf4 20. Qb3 b6 21.
cxd6 cxd6 22. Rfe1 Re8 23. Qb4 Rfe5 24. Re2 Nxe4 25. Rxe4 Rxe4 26. fxe4 Qe7 27.
Re1 1/2-1/2

[Event "Olimpiada Calviá 2004 Femenina"]
[Site "Calviá ESP"]
[Date "2004.10.18"]
[Round "4.13"]
[White "Fakhiridou, Ekaterini"]
[Black "Khamrakulova, Ulduz"]
[Result "1-0"]
[WhiteElo "2258"]
[BlackElo "2123"]
[PlyCount "61"]
[EventDate "2004.10.15"]
[EventType "team"]
[EventRounds "14"]
[EventCountry "ESP"]
[Source "lmi"]
[SourceDate "2004.10.27"]

1. e4 c6 2. d3 d5 3. Nd2 e5 4. Ngf3 Bd6 5. Be2 Nf6 6. c3 Nbd7 7. O-O O-O 8. Qc2
Re8 9. Re1 Nf8 10. Bf1 Bg4 11. h3 Bh5 12. g3 Qc7 13. Bg2 Bg6 14. Nh4 Ne6 15.
Nf1 Rad8 16. Ne3 Bf8 17. Nef5 c5 18. Nxg6 hxg6 19. Ne3 dxe4 20. dxe4 Qc6 21. b3
b5 22. Bb2 a6 23. Rad1 Bd6 24. Rd2 Bc7 25. Red1 Rxd2 26. Rxd2 Rd8 27. Nd5 Nxd5
28. exd5 Qd6 29. dxe6 Qxd2 30. Qxd2 Rxd2 31. e7 1-0

[Event "Olimpiada Calviá 2004"]
[Site "Calviá ESP"]
[Date "2004.10.19"]
[Round "5.1"]
[White "Avrukh, Boris"]
[Black "Eljanov, Pavel"]
[Result "1/2-1/2"]
[WhiteElo "2614"]
[BlackElo "2629"]
[PlyCount "46"]
[EventDate "2004.10.15"]
[EventType "team"]
[EventRounds "14"]
[EventCountry "ESP"]
[Source "lmi"]
[SourceDate "2004.10.27"]

1. d4 Nf6 2. c4 e6 3. g3 d5 4. Bg2 dxc4 5. Nf3 Bb4+ 6. Bd2 a5 7. Qc2 Bxd2+ 8.
Nbxd2 b5 9. a4 c6 10. b3 cxb3 11. Nxb3 O-O 12. O-O Ba6 13. Nc5 Nbd7 14. Rfd1
Qe7 15. Nb3 Qb4 16. Nc5 Nxc5 17. dxc5 Rad8 18. Rdb1 Qe4 19. Qb2 Rd5 20. e3 Rxc5
21. Nd4 Qe5 22. axb5 Bxb5 23. Rxa5 Nd5 1/2-1/2

[Event "Olimpiada Calviá 2004"]
[Site "Calviá ESP"]
[Date "2004.10.19"]
[Round "5.2"]
[White "Cifuentes Parada, Roberto"]
[Black "Izoria, Zviad"]
[Result "1/2-1/2"]
[WhiteElo "2540"]
[BlackElo "2600"]
[PlyCount "36"]
[EventDate "2004.10.15"]
[EventType "team"]
[EventRounds "14"]
[EventCountry "ESP"]
[Source "lmi"]
[SourceDate "2004.10.27"]

1. d4 Nf6 2. Nf3 e6 3. c4 d5 4. e3 a6 5. Nbd2 c5 6. dxc5 Bxc5 7. a3 dxc4 8.
Bxc4 b5 9. Ba2 Bb7 10. O-O O-O 11. b4 Be7 12. Nb3 Bd5 13. Na5 Bxa2 14. Rxa2
Qxd1 15. Rxd1 Rc8 16. Bd2 Nc6 17. Nxc6 Rxc6 18. a4 bxa4 1/2-1/2

[Event "Olimpiada Calviá 2004"]
[Site "Calviá ESP"]
[Date "2004.10.19"]
[Round "5.2"]
[White "Gagunashvili, Merab"]
[Black "Arizmendi, Martinez Julen"]
[Result "0-1"]
[WhiteElo "2567"]
[BlackElo "2531"]
[PlyCount "85"]
[EventDate "2004.10.15"]
[EventType "team"]
[EventRounds "14"]
[EventCountry "ESP"]
[Source "lmi"]
[SourceDate "2004.10.27"]

1. d4 Nf6 2. c4 g6 3. Nf3 Bg7 4. g3 O-O 5. Bg2 d6 6. Nc3 Nbd7 7. O-O e5 8. e4
a6 9. Rb1 exd4 10. Nxd4 Re8 11. Re1 Ng4 12. h3 Nge5 13. b3 Nc5 14. Be3 Bd7 15.
f4 Nc6 16. b4 Ne6 17. Nde2 f5 18. exf5 gxf5 19. Qd3 Qe7 20. Nd5 Qf7 21. g4 Ne7
22. Nxe7+ Qxe7 23. Bxb7 Rab8 24. Bd5 c6 25. Bg2 Nc5 26. bxc5 Rxb1 27. Rxb1
Qxe3+ 28. Qxe3 Rxe3 29. Kf2 Rd3 30. cxd6 Rxd6 31. g5 Rd2 32. a4 Be6 33. Bxc6
Bxc4 34. Bf3 Bd4+ 35. Ke1 Be3 36. Rb8+ Kf7 37. Bh5+ Kg7 38. Re8 Rd3 39. Ng3
Bd2+ 40. Kf2 Rd5 41. Re7+ Kf8 42. Rf7+ Kg8 43. Rc7 0-1

[Event "Olimpiada Calviá 2004"]
[Site "Calviá ESP"]
[Date "2004.10.19"]
[Round "5.6"]
[White "Degraeve, Jean-Marc"]
[Black "Delgado, Neuris"]
[Result "1-0"]
[WhiteElo "2551"]
[BlackElo "2554"]
[PlyCount "93"]
[EventDate "2004.10.15"]
[EventType "team"]
[EventRounds "14"]
[EventCountry "ESP"]
[Source "lmi"]
[SourceDate "2004.10.27"]

1. e4 c5 2. Nf3 d6 3. d4 cxd4 4. Nxd4 Nf6 5. Nc3 a6 6. Bc4 e6 7. Bb3 Nbd7 8. f4
Nc5 9. O-O Qc7 10. Qe2 Be7 11. e5 Nxb3 12. axb3 dxe5 13. fxe5 Nd7 14. Bf4 O-O
15. Kh1 Bc5 16. Rad1 b5 17. Ne4 Bxd4 18. Rxd4 Nxe5 19. Qh5 f5 20. Ng5 h6 21.
Re1 hxg5 22. Bxe5 Qe7 23. Red1 Ra7 24. Bd6 Qf7 25. Qxg5 Re8 26. Be5 Rd7 27.
Rxd7 Bxd7 28. Rd3 Bc6 29. Rg3 f4 30. Qxg7+ Qxg7 31. Rxg7+ Kf8 32. Rh7 f3 33.
gxf3 Bxf3+ 34. Kg1 Bd1 35. c4 Bxb3 36. c5 Bd5 37. b4 Ra8 38. h4 a5 39. h5 Be4
40. Rh8+ Kf7 41. Rxa8 Bxa8 42. bxa5 b4 43. a6 b3 44. Kf2 Kg8 45. Ke3 Kh7 46.
Kf4 Kh6 47. Bb2 1-0

[Event "Olimpiada Calviá 2004"]
[Site "Calviá ESP"]
[Date "2004.10.19"]
[Round "5.6"]
[White "Arencibia, Walter"]
[Black "Fontaine, Robert"]
[Result "1/2-1/2"]
[WhiteElo "2516"]
[BlackElo "2531"]
[PlyCount "109"]
[EventDate "2004.10.15"]
[EventType "team"]
[EventRounds "14"]
[EventCountry "ESP"]
[Source "lmi"]
[SourceDate "2004.10.27"]

1. d4 d5 2. c4 c6 3. Nf3 Nf6 4. e3 a6 5. Nbd2 b5 6. cxd5 cxd5 7. a4 b4 8. Bd3
Bb7 9. O-O e6 10. Ne5 Bd6 11. f4 O-O 12. Qf3 Nbd7 13. g4 Rc8 14. g5 Bxe5 15.
fxe5 Ne4 16. Nxe4 dxe4 17. Bxe4 Bxe4 18. Qxe4 Qxg5+ 19. Kh1 f5 20. Qd3 a5 21.
Bd2 Qd8 22. Qb3 Rc6 23. Rac1 Qa8 24. Kg1 Nb6 25. Rxc6 Qxc6 26. Rc1 Qe8 27. Rc5
Qg6+ 28. Kf1 Nd5 29. Rxd5 exd5 30. Qxd5+ Kh8 31. Qxa5 f4 32. exf4 Qd3+ 33. Ke1
Qe4+ 34. Kf1 Qxd4 35. Ke2 Qe4+ 36. Kf2 h6 37. Qc5 Rd8 38. Qxb4 Qh1 39. Ke2
Qxh2+ 40. Kd1 Qg1+ 41. Kc2 Qg6+ 42. Kb3 Qf7+ 43. Ka3 h5 44. Bc3 Rd1 45. b3 Rf1
46. e6 Qxe6 47. Qf8+ Qg8 48. Qf5 Qe8 49. Qg5 Qf8+ 50. Bb4 Qxf4 51. Qxh5+ Kg8
52. Qe8+ Kh7 53. Qh5+ Kg8 54. Qe8+ Kh7 55. Qh5+ 1/2-1/2

[Event "Olimpiada Calviá 2004"]
[Site "Calviá ESP"]
[Date "2004.10.19"]
[Round "5.7"]
[White "Georgiev, Kiril"]
[Black "Rowson, Jonathan"]
[Result "1/2-1/2"]
[WhiteElo "2625"]
[BlackElo "2577"]
[PlyCount "110"]
[EventDate "2004.10.15"]
[EventType "team"]
[EventRounds "14"]
[EventCountry "ESP"]
[Source "lmi"]
[SourceDate "2004.10.27"]

1. Nf3 d5 2. d4 Nf6 3. c4 c6 4. Qc2 dxc4 5. Qxc4 Bf5 6. Nc3 e6 7. g3 Nbd7 8.
Bg2 Be7 9. O-O O-O 10. e3 Ne4 11. Nd2 Nd6 12. Qe2 c5 13. d5 exd5 14. Nxd5 Nf6
15. Nc3 Bg4 16. f3 Be6 17. e4 Nd7 18. e5 Nf5 19. f4 Nb6 20. Bxb7 Rb8 21. Bg2
Na4 22. Nde4 Qa5 23. Kh1 Rfd8 24. Qf2 h5 25. Qc2 Nb6 26. b3 c4 27. Bd2 Qa6 28.
Ng5 Bxg5 29. fxg5 cxb3 30. axb3 Qd3 31. Qxd3 Rxd3 32. Ne4 Nd5 33. Rfe1 Nde3 34.
Bxe3 Nxe3 35. Nc5 Nxg2 36. Kxg2 Rd2+ 37. Kg1 Bd5 38. Rad1 Rg2+ 39. Kf1 Ba8 40.
Re2 Rxe2 41. Kxe2 Re8 42. e6 Kh7 43. Rd7 fxe6 44. Rxa7 Bd5 45. Kd3 Kg6 46. b4
h4 47. gxh4 Rh8 48. Re7 Rxh4 49. Nxe6 Bxe6 50. Rxe6+ Kxg5 51. b5 Rxh2 52. b6
Kf5 53. Re2 Rh8 54. Kd4 g5 55. b7 g4 1/2-1/2

[Event "Olimpiada Calviá 2004"]
[Site "Calviá ESP"]
[Date "2004.10.19"]
[Round "5.7"]
[White "Spasov, Vasil"]
[Black "Dearing, Eddie"]
[Result "1-0"]
[WhiteElo "2534"]
[BlackElo "2376"]
[PlyCount "125"]
[EventDate "2004.10.15"]
[EventType "team"]
[EventRounds "14"]
[EventCountry "ESP"]
[Source "lmi"]
[SourceDate "2004.10.27"]

1. e4 g6 2. d4 d6 3. Nf3 Nf6 4. Nc3 Bg7 5. Be2 O-O 6. O-O c6 7. Re1 Nbd7 8. e5
dxe5 9. dxe5 Ng4 10. e6 fxe6 11. Ne4 Ndf6 12. Qxd8 Rxd8 13. Nc5 b6 14. Nd3 Nh6
15. Nfe5 Rd6 16. Bf3 Bb7 17. Nc4 Rd4 18. b3 Nf5 19. Bb2 Rd7 20. Rxe6 c5 21.
Nde5 Rc7 22. Bxb7 Rxb7 23. Rd1 Ne8 24. g4 Nfd6 25. Ne3 Nf7 26. Nd5 Nxe5 27.
Bxe5 Kf7 28. Bxg7 Kxe6 29. Bb2 Nf6 30. Bxf6 exf6 31. c4 Kf7 32. Kg2 Re8 33. Kf3
Rd7 34. a4 Re5 35. h3 h6 36. Rb1 f5 37. Rg1 Rd8 38. Ra1 Rdxd5 39. cxd5 Rxd5 40.
Ke3 fxg4 41. hxg4 Rd4 42. f4 Rb4 43. Rh1 Rxb3+ 44. Ke4 Rb4+ 45. Ke5 Rxa4 46.
Rxh6 Kg7 47. Rh1 g5 48. f5 Rxg4 49. f6+ Kg6 50. Rh8 Rf4 51. Rg8+ Kh6 52. Ke6 c4
53. f7 b5 54. f8=Q+ Rxf8 55. Rxf8 b4 56. Kf6 Kh5 57. Kf5 Kh4 58. Rc8 a5 59.
Rxc4+ Kg3 60. Ke4 g4 61. Rc5 a4 62. Rc4 b3 63. Rxa4 1-0

[Event "Olimpiada Calviá 2004"]
[Site "Calviá ESP"]
[Date "2004.10.19"]
[Round "5.7"]
[White "Mannion, Stephen R"]
[Black "Radulski, Julian"]
[Result "0-1"]
[WhiteElo "2357"]
[BlackElo "2501"]
[PlyCount "100"]
[EventDate "2004.10.15"]
[EventType "team"]
[EventRounds "14"]
[EventCountry "ESP"]
[Source "lmi"]
[SourceDate "2004.10.27"]

1. e4 e5 2. Nf3 Nc6 3. Bb5 a6 4. Ba4 Nf6 5. O-O Be7 6. Re1 b5 7. Bb3 d6 8. c3
O-O 9. d4 Bg4 10. Be3 Bh5 11. Nbd2 d5 12. exd5 exd4 13. cxd4 Nxd5 14. Rc1 Na5
15. Bc2 f5 16. Nf1 Nc4 17. b3 Ncxe3 18. Nxe3 Bb4 19. Rf1 Nc3 20. Qd3 Bxf3 21.
gxf3 Qxd4 22. Qxd4 Ne2+ 23. Kg2 Nxd4 24. Bb1 c6 25. Nc2 Nxc2 26. Rxc2 Rf6 27.
Rd1 Re8 28. a4 Rg6+ 29. Kf1 Rge6 30. Rcc1 g6 31. Bd3 Kg7 32. Kg2 Rd8 33. Bf1
Red6 34. Rxd6 Rxd6 35. h3 Kf6 36. Rc2 Ke5 37. Re2+ Kd4 38. Rc2 Re6 39. Be2 Bc3
40. Kf1 Re5 41. Rc1 f4 42. Rd1+ Kc5 43. Rd7 Kb4 44. Ra7 Kxb3 45. Rxa6 Rxe2 46.
Kxe2 bxa4 47. Kd3 c5 48. Rc6 Bb4 49. Rc7 a3 50. Ra7 a2 0-1